Animal Alphabet 1 - Statistics

General Stats
  • This quiz has been taken 100 times
  • The average score is 22 of 26
Answer Stats
Picture Hint Answer % Correct
B Bear
100%
D Dolphin
100%
E Elephant
100%
F Fox
100%
G Giraffe
100%
A Alligator
99%
J Jaguar
97%
K Kangaroo
97%
L Lion
97%
O Octopus
97%
S Shark
97%
T Tiger
97%
H Hyena
96%
P Parrot
96%
C Cheetah
95%
W Whale
95%
M Moose
93%
R Rhinoceros
89%
Q Queen Bee
85%
I Inchworm
64%
Z Zebrafish
51%
N Numbat
44%
V Viperfish
44%
U Uakari
43%
X Xenops
39%
Y Yellow-Billed Hornbill
37%
No matching quizzes found
Score Distribution
Percent of People with Each Score
Percentile by Number Answered
Your Score History
You have not taken this quiz